| 000 | 00000nam##2200000za#4500 |
| 001 | 9.581209 |
| 003 | CaOODSP |
| 005 | 20210624191417 |
| 007 | cr ||||||||||| |
| 008 | 150406|1986||||xxc|||||o f|0| 0 eng|d |
| 040 | |aCaOODSP|beng |
| 043 | |an-cn--- |
| 086 | 1 |aFs97-14/169-1986E-PDF |
| 110 | 1 |aCanada. |bDepartment of Fisheries and Oceans. |
| 245 | 10|aSpiny dogfish in Canada / |h[electronic resource]|cby John Salsbury. |
| 260 | |aHalifax - Nova Scotia : |bFisheries and Oceans Canada |c1986. |
| 300 | |a71p.|bfigs., tables |
| 490 | 1 |aCanadian industry report of fisheries and aquatic sciences|vNo. 169 |
| 500 | |aFile reproduced from original print. On t.p. : Fisheries Development Branch, Halifax, N.S. and Field Services Branch, Vancouver, B.C. The catalogue number and ISSN for the print edition appear in the PDF version. |
| 504 | |aBibliography. |
| 546 | |a(Résumé en français.) |
| 590 | |a14-20-Supp|b2014-11-25 |
| 720 | 1 |aSalsbury, John |
| 830 | #0|aCanadian industry report of fisheries and aquatic sciences ;|vNo. 169|w(CaOODSP)9.505199 |
| 856 | 40|ahttp://publications.gc.ca|qPDF|s5172 KB|uhttps://publications.gc.ca/collections/collection_2014/mpo-dfo/Fs97-14-169-1986-eng.pdf|yNo. 169 |